Score 0/153 Timer 10:00
0 Plays Today
% Correct
a
96.1%
a
96.1%
a
96.1%
a
96.1%
a
96.1%
a
96.1%
A
96.1%
A
96.1%
a
96.1%
a
96.1%
the
92.2%
the
92.2%
the
92.2%
The
92.2%
the
92.2%
the
92.2%
the
92.2%
the
92.2%
is
89.6%
It
88.2%
It
88.2%
It
88.2%
It
88.2%
was
85%
was
85%
was
85%
was
85%
was
85%
in
83.6%
in
83.6%
in
83.6%
In
83.6%
in
83.6%
me
75%
of
74.4%
of
74.4%
of
74.4%
of
74.4%
be
73.3%
and
70%
and
70%
and
70%
Call
68.3%
man
67.5%
there
66.1%
there
66.1%
Ishmael.
65.3%
that
65%
to
62.9%
to
62.9%
were
60.8%
% Correct
were
60.8%
were
60.8%
he
59.9%
hobbit.
58.1%
When
56.5%
wife.
55.9%
lived
55.1%
day
54.9%
children,
54.8%
children
54.8%
boy
53.1%
want
51.4%
You
51%
hole
48.9%
must
48.3%
at
48%
at
48%
up.
47.6%
Once
45.8%
my
45.5%
four
45.1%
truth
45%
ground
43.9%
all
43.6%
All
43.6%
thirteen.
43.1%
thirteen,
43.1%
good
42.1%
one,
41.9%
fortune,
41.6%
universally
40%
grow
38.7%
possession
38.4%
acknowledged,
37.9%
his
37.8%
his
37.8%
brother
37.3%
cold
37.3%
Jem
36.8%
clocks
34.9%
with
33.9%
not
33.4%
single
33.3%
Peter,
33.2%
striking
32.8%
burn.
32.1%
Lucy.
29.9%
except
29.4%
but
29.1%
arm
28.7%
love
28.6%
% Correct
never
28.2%
first
28.1%
This
27.1%
pleasure
27.1%
only
26.8%
or
26.7%
Edmund
26.4%
whose
26.3%
Susan,
25.6%
names
25.3%
sight.
25.3%
April,
23.4%
bright
18.9%
got
18.5%
broken
18.3%
hair
18.2%
nearly
16.8%
down
16.4%
elbow.
16.4%
tell
16%
happened,
14.3%
more
14.3%
God.
13.7%
Elmer
13.5%
Gantry
13.4%
fair
13%
badly
12.7%
less.
12.3%
nobody
12%
sky.
11.9%
better
11.7%
grey
11.7%
way
11.2%
rock
10.7%
across
8.5%
last
8.2%
building
7.1%
himself
7%
began
6.9%
lagoon.
6.6%
lowered
6.4%
screaming
6.3%
stories.
6.2%
few
6%
comes
5.9%
towards
5.8%
pick
5.8%
feet
5.6%
squat
5.6%
drunk.
5.5%
thirty-four
4.7%
Remove Ads.
Support Sporcle.
Get the best of Sporcle when you Go Orange. This ad-free experience offers more features, more stats, and more fun while also helping to support Sporcle. Thank you for becoming a member.

You're not logged in!

Compare scores with friends on all Sporcle quizzes.
OR
Log In

Show Comments

Extras

Top Quizzes Today


Score Distribution

Your Account Isn't Verified!

In order to create a playlist on Sporcle, you need to verify the email address you used during registration. Go to your Sporcle Settings to finish the process.

Report this User

Report this user for behavior that violates our Community Guidelines.

Details: